[Event "Maastricht Limburg op-B 9th"]
[Site "Maastricht"]
[Date "2015.05.24"]
[Round "4"]
[White "Kuehn, Patrick1111"]
[Black "Kronseder, Michael"]
[Result "0-1"]
[WhiteElo "2039"]
[BlackElo "1809"]
[PlyCount "144"]
[EventDate "2015.05.22"]
[EventType "swiss"]
[EventRounds "7"]
[EventCountry "NED"]
[SourceTitle "EXT 2016"]
[Source "ChessBase"]
[SourceDate "2015.10.08"]
[SourceVersion "1"]
[SourceVersionDate "2015.10.08"]
[SourceQuality "1"]

1. e4 c5 2. Nf3 g6 3. c4 Bg7 4. d4 cxd4 5. Nxd4 Nc6 6. Nc2 Nf6 7. Nc3 0-0 8. Be2 a6 9. Be3 Qa5 10. 0-0 Rb8 11. Rb1 e6 12. b4 Qc7 13. f4 d5 14. cxd5 exd5 15. Nxd5 Nxd5 16. exd5 Rd8 17. Bf3 Be6 18. b5 Ne7 19. b6 Qc4 20. d6 Nf5 21. Be2 Qxa2 22. Nb4 Nxe3 23. Nxa2 Nxd1 24. Rfxd1 Bxa2 25. Rbc1 Bf8 26. d7 Bb3 27. Rd4 a5 28. Bb5 a4 29. Re4 Be6 30. Bxa4 Bxd7 31. Rd1 Bxa4 32. Rxd8 Rxd8 33. Rxa4 Bc5+ 34. Kf1 Bxb6 35. Rb4 Rd6 36. Ke2 Kf8 37. Kf3 f5 38. g4 Ke7 39. gxf5 gxf5 40. Kg3 Kd7 41. Kh4 Kc6 42. Kg5 Bc5 43. Rb3 Rd7 44. Rh3 Rd5 45. Rxh7 b5 46. Rh6+ Bd6 47. Re6 b4 48. h4 Kd7 49. Re2 Bc5 50. h5 Bd4 51. h6 b3 52. h7 b2 53. Re5 Bxe5 54. fxe5 b1Q 55. h8Q Qc1+ 56. Kf6 Qc6+ 57. Kxf5 Qc2+ 58. Kg5 Qd2+ 59. Kg6 Qd3+ 60. Kf7 Qf3+ 61. Qf6 Qxf6+ 62. Kxf6 Ke8 63. Ke6 Rd7 64. Kf6 Re7 65. e6 Kf8 66. Ke5 Kg7 67. Kf5 Ra7 68. Ke5 Re7 69. Kf5 Re8 70. Ke5 Kg6 71. Kd5 Kf6 72. Kd6 Rxe6+ 0-1

[Event "GER-chA Seniors 26th"]
[Site "Bad Neuenahr"]
[Date "2014.08.08"]
[Round "4"]
[White "Kronseder, Michael"]
[Black "Wulf, Adalbert"]
[Result "0-1"]
[WhiteElo "1798"]
[BlackElo "1949"]
[PlyCount "44"]
[EventDate "2014.08.05"]
[EventType "swiss"]
[EventRounds "9"]
[EventCountry "GER"]
[SourceTitle "EXT 2018"]
[Source "ChessBase"]
[SourceDate "2017.10.13"]
[SourceVersion "1"]
[SourceVersionDate "2017.10.13"]
[SourceQuality "1"]

1. e4 e6 2. d4 d5 3. Nd2 dxe4 4. Nxe4 Bd7 5. Nf3 Bc6 6. Bd3 Nd7 7. 0-0 Ngf6 8. Qe2 Be7 9. Be3 Nxe4 10. Bxe4 Bxe4 11. Ne5 Nxe5 12. dxe5 0-0 13. Rad1 Qe8 14. Rd4 Qc6 15. Qg4 Bf5 16. Qg3 Kh8 17. h4 Rad8 18. c3 Rxd4 19. cxd4 Qd5 20. Re1 b6 21. Qf4 Qe4 22. Qh2 Qxh4 0-1

[Event "GER-chA Seniors 26th"]
[Site "Bad Neuenahr"]
[Date "2014.08.07"]
[Round "3"]
[White "Meinke, Dietlind"]
[Black "Kronseder, Michael"]
[Result "1-0"]
[WhiteElo "1893"]
[BlackElo "1798"]
[PlyCount "120"]
[EventDate "2014.08.05"]
[EventType "swiss"]
[EventRounds "9"]
[EventCountry "GER"]
[SourceTitle "EXT 2018"]
[Source "ChessBase"]
[SourceDate "2017.10.13"]
[SourceVersion "1"]
[SourceVersionDate "2017.10.13"]
[SourceQuality "1"]

1. e4 c5 2. Nc3 g6 3. f4 Bg7 4. Nf3 e6 5. Bc4 a6 6. a4 Nc6 7. 0-0 Nge7 8. d3 Nd4 9. Nxd4 cxd4 10. Ne2 0-0 11. Qe1 d5 12. Bb3 dxe4 13. dxe4 d3 14. Ng3 dxc2 15. Bxc2 Bxb2 16. Bxb2 Qb6+ 17. Qf2 Qxb2 18. Qc5 Nc6 19. Rad1 Qb4 20. Qxb4 Nxb4 21. Bb3 b5 22. Rd6 Bb7 23. Rfd1 Rac8 24. R1d2 Rc3 25. Bd1 bxa4 26. Rb6 a3 27. Rxb4 Bc6 28. Rb3 Rxb3 29. Bxb3 Rb8 30. Ba2 Rb2 31. Rxb2 axb2 32. Kf2 Bb5 33. Ke3 Bc4 34. Bb1 Kf8 35. Kd4 Bb5 36. Kc3 f5 37. Kxb2 Ke7 38. Kc3 Kd6 39. Kd4 a5 40. e5+ Kd7 41. Kc5 Bc6 42. Bd3 Bxg2 43. Bb5+ Kc7 44. Ba4 g5 45. fxg5 f4 46. Nh5 f3 47. Bc6 a4 48. Bxa4 f2 49. Ng3 f1Q 50. Nxf1 Bxf1 51. Bc2 Bh3 52. Bxh7 Kd7 53. Be4 Ke7 54. Kc6 Kf7 55. Kd7 Kg7 56. Ke7 Bf5 57. Bc6 Kg6 58. h4 Kh5 59. Be8+ Kxh4 60. g6 Kg5 1-0

[Event "GER-chA Seniors 26th"]
[Site "Bad Neuenahr"]
[Date "2014.08.05"]
[Round "1"]
[White "Davydov, Mihail"]
[Black "Kronseder, Michael"]
[Result "1-0"]
[WhiteElo "2061"]
[BlackElo "1798"]
[PlyCount "51"]
[EventDate "2014.08.05"]
[EventType "swiss"]
[EventRounds "9"]
[EventCountry "GER"]
[SourceTitle "EXT 2018"]
[Source "ChessBase"]
[SourceDate "2017.10.13"]
[SourceVersion "1"]
[SourceVersionDate "2017.10.13"]
[SourceQuality "1"]

1. e4 c5 2. Nf3 g6 3. d4 cxd4 4. Nxd4 Nc6 5. Be3 Bg7 6. Nc3 Nf6 7. f3 0-0 8. Bc4 Qb6 9. Ncb5 a6 10. Nf5 Qa5+ 11. Bd2 Qd8 12. Nbd4 gxf5 13. Nxf5 d5 14. Nxg7 Kxg7 15. exd5 Ne5 16. Bb3 b5 17. Qe2 Nc4 18. Bxc4 bxc4 19. 0-0-0 Bb7 20. Bc3 Kg8 21. Qe5 Qd6 22. Qxd6 exd6 23. Bxf6 Rfe8 24. Rhe1 Rxe1 25. Rxe1 Bxd5 26. Rd1 1-0

[Event "Bad Godesberg op 17th"]
[Site "Bad Godesberg"]
[Date "2013.08.08"]
[Round "6"]
[White "Kronseder, Michael"]
[Black "Evers, Leo"]
[Result "0-1"]
[WhiteElo "1779"]
[BlackElo "2123"]
[PlyCount "70"]
[EventDate "2013.08.03"]
[EventType "swiss"]
[EventRounds "9"]
[EventCountry "GER"]
[SourceTitle "CBM 155 Extra"]
[Source "ChessBase"]
[SourceDate "2013.08.26"]
[SourceVersion "1"]
[SourceVersionDate "2013.08.26"]
[SourceQuality "1"]

1. e4 c5 2. Nf3 Nc6 3. Bb5 g6 4. Bxc6 dxc6 5. 0-0 Bg7 6. Re1 e5 7. Na3 Ne7 8. c3 0-0 9. h3 b6 10. b3 Ba6 11. Nc4 Bxc4 12. bxc4 Qd3 13. Qe2 Rad8 14. Qxd3 Rxd3 15. Re3 Rd7 16. a4 a5 17. Rb1 Nc8 18. Kf1 f6 19. Bb2 Rfd8 20. d4 Nd6 21. Nd2 Bh6 22. Ke2 Bxe3 23. Kxe3 cxd4+ 24. cxd4 exd4+ 25. Bxd4 Nxc4+ 26. Nxc4 Rxd4 27. Nxb6 Rb4 28. Rxb4 axb4 29. Nc4 b3 30. Nb2 Kf7 31. a5 Ke7 32. a6 Ra8 33. Kd3 Rxa6 34. Kc3 Ra1 35. Kxb3 Re1 0-1

[Event "Cologne Longerich op 09th"]
[Site "Cologne"]
[Date "2012.08.03"]
[Round "1"]
[White "Kronseder, Michael"]
[Black "Westphal, Gerhard"]
[Result "1-0"]
[WhiteElo "1549"]
[BlackElo "1406"]
[PlyCount "111"]
[EventDate "2012.08.03"]
[EventType "tourn"]
[EventRounds "5"]
[EventCountry "GER"]
[SourceTitle "EXT 2017"]
[Source "ChessBase"]
[SourceDate "2016.10.25"]
[SourceVersion "1"]
[SourceVersionDate "2016.10.25"]
[SourceQuality "1"]

1. e4 e5 2. Nf3 Nc6 3. Bc4 Bc5 4. c3 d6 5. d4 exd4 6. cxd4 Bb4+ 7. Nc3 Nf6 8. Qc2 0-0 9. h3 h6 10. 0-0 Bxc3 11. bxc3 Re8 12. Re1 Be6 13. d5 Na5 14. dxe6 Nxc4 15. exf7+ Kxf7 16. Qb3 d5 17. e5 Na5 18. Qb4 Nc6 19. Qf4 Re6 20. exf6 Rxf6 21. Ne5+ Nxe5 22. Qxe5 Qd7 23. Ba3 Re6 24. Qxe6+ Qxe6 25. Rxe6 Kxe6 26. Re1+ Kd7 27. Re7+ Kc6 28. Rxg7 Re8 29. Re7 Rd8 30. Re6+ Kb5 31. Rxh6 Kc4 32. Be7 Rd7 33. Bf6 c5 34. Kf1 b5 35. Ke2 d4 36. cxd4 cxd4 37. Kd2 a5 38. Rh4 b4 39. Rxd4+ Rxd4+ 40. Bxd4 Kxd4 41. Kc2 a4 42. h4 Ke5 43. g4 Kf6 44. f4 Kg6 45. h5+ Kh6 46. Kb2 Kg7 47. g5 Kh7 48. f5 Kg7 49. h6+ Kh7 50. Kc2 Kg8 51. g6 Kh8 52. f6 Kg8 53. h7+ Kh8 54. f7 a3 55. Kc1 b3 56. f8Q# 1-0

[Event "Maastricht Limburg op-B 6th"]
[Site "Maastricht"]
[Date "2012.05.28"]
[Round "6"]
[White "Kronseder, Michael"]
[Black "Staudte, Rainer"]
[Result "0-1"]
[WhiteElo "1754"]
[BlackElo "1954"]
[PlyCount "48"]
[EventDate "2012.05.25"]
[EventType "swiss"]
[EventRounds "7"]
[EventCountry "NED"]
[SourceTitle "EXT 2013"]
[Source "ChessBase"]
[SourceDate "2012.11.22"]
[SourceVersion "1"]
[SourceVersionDate "2012.11.22"]
[SourceQuality "1"]

1. Nf3 c5 2. g3 d5 3. c4 d4 4. e3 Nc6 5. exd4 cxd4 6. d3 e5 7. Bg2 Bb4+ 8. Nbd2 Nge7 9. a3 Bxd2+ 10. Bxd2 0-0 11. b4 a6 12. b5 axb5 13. cxb5 Na7 14. Nxe5 Nxb5 15. Qb3 Nd6 16. 0-0 Be6 17. Qb2 Ndf5 18. Qxb7 Bd5 19. Bxd5 Nxd5 20. Rfb1 Nc3 21. Bxc3 dxc3 22. Qb3 Nd4 23. Qb6 c2 24. Qxd8 cxb1Q+ 0-1

[Event "Cologne Longerich op 8th"]
[Site "Cologne"]
[Date "2011.08.14"]
[Round "5"]
[White "Kronseder, Michael"]
[Black "Halle, Julia"]
[Result "0-1"]
[WhiteElo "1552"]
[BlackElo "1206"]
[PlyCount "102"]
[EventDate "2011.08.12"]
[EventType "swiss"]
[EventRounds "5"]
[EventCountry "GER"]
[SourceTitle "EXT 2017"]
[Source "ChessBase"]
[SourceDate "2016.10.25"]
[SourceVersion "1"]
[SourceVersionDate "2016.10.25"]
[SourceQuality "1"]

1. d4 d6 2. Nf3 g6 3. Bf4 Bg7 4. e4 Nd7 5. Bc4 c5 6. c3 Ngf6 7. e5 Nh5 8. Bg3 Nxg3 9. hxg3 cxd4 10. e6 fxe6 11. Nxd4 Nc5 12. Qe2 d5 13. Bb5+ Bd7 14. Na3 0-0 15. 0-0-0 a6 16. Bxd7 Qxd7 17. Rh3 Bf6 18. Rdh1 Rf7 19. Nac2 e5 20. Nf3 e4 21. Nh2 Nd3+ 22. Kb1 Qb5 23. Na3 Qb6 24. Ng4 Kh8 25. Nxf6 exf6 26. Rf1 Rc8 27. Qc2 Rfc7 28. Qb3 Qd4 29. Rhh1 Qc5 30. Qc2 b5 31. Ka1 d4 32. Nb1 b4 33. c4 Qxc4 34. Qxc4 Rxc4 35. Rh4 Rc2 36. Rfh1 h5 37. g4 Rxb2 38. gxh5 Rcc2 39. hxg6+ Kg7 40. Rh7+ Kxg6 41. R1h6+ Kf5 42. Rh5+ Ke6 43. Ra5 Rxf2 44. Rxa6+ Ke5 45. Rh5+ Kf4 46. Rxf6+ Ke3 47. Rh3+ Ke2 48. Rxf2+ Kxf2 49. Rxd3 Rxb1+ 50. Kxb1 exd3 51. Kc1 Ke2 0-1

[Event "Cologne Ford op 17th"]
[Site "Cologne"]
[Date "2011.04.18"]
[Round "2"]
[White "Cordts, Ingo"]
[Black "Kronseder, Michael"]
[Result "1-0"]
[WhiteElo "2171"]
[BlackElo "1608"]
[PlyCount "77"]
[EventDate "2011.04.12"]
[EventType "swiss"]
[EventRounds "7"]
[EventCountry "GER"]
[SourceTitle "EXT 2012"]
[Source "ChessBase"]
[SourceDate "2011.11.24"]
[SourceVersion "1"]
[SourceVersionDate "2011.11.24"]
[SourceQuality "1"]

1. Nf3 Nf6 2. c4 c5 3. Nc3 g6 4. d4 cxd4 5. Nxd4 Nc6 6. e4 d6 7. Be2 Bg7 8. Be3 Nxd4 9. Bxd4 0-0 10. 0-0 Bd7 11. Qd2 a6 12. f3 Rc8 13. Rfd1 Qa5 14. Nd5 Qxd2 15. Nxe7+ Kh8 16. Rxd2 Rce8 17. Nd5 Nxd5 18. Bxg7+ Kxg7 19. Rxd5 f5 20. Bd3 Bc6 21. Rd4 fxe4 22. fxe4 Re6 23. b4 b5 24. a4 bxc4 25. Bxc4 Rxe4 26. Rxe4 Bxe4 27. Bxa6 Rb8 28. b5 d5 29. a5 Bd3 30. Kf2 Bxb5 31. Bxb5 Rxb5 32. a6 Rb8 33. Ke3 Kf6 34. Kd4 Ke6 35. a7 Ra8 36. Ra6+ Kd7 37. Kxd5 Kc7 38. Ke6 Kb7 39. Ra2 1-0

[Event "Leverkusen Bayer op 9th"]
[Site "Leverkusen"]
[Date "2011.03.28"]
[Round "6"]
[White "Kronseder, Michael"]
[Black "Wehr, Guenter"]
[Result "1-0"]
[WhiteElo "1608"]
[BlackElo "1436"]
[PlyCount "101"]
[EventDate "2011.01.10"]
[EventType "swiss"]
[EventRounds "7"]
[EventCountry "GER"]
[SourceTitle "EXT 2012"]
[Source "ChessBase"]
[SourceDate "2011.11.24"]
[SourceVersion "1"]
[SourceVersionDate "2011.11.24"]
[SourceQuality "1"]

1. Nf3 d5 2. c4 Nf6 3. cxd5 Nxd5 4. Nc3 c6 5. e4 Nxc3 6. bxc3 Bg4 7. Qb3 Qc7 8. Bc4 e6 9. Be2 Nd7 10. d4 Be7 11. Rb1 Rb8 12. Ba3 Nb6 13. 0-0 0-0 14. h3 Bh5 15. Bd3 Bxf3 16. gxf3 Bxa3 17. Qxa3 Nc8 18. e5 f6 19. Bxh7+ Kxh7 20. Qxf8 fxe5 21. Qc5 exd4 22. Rb4 Ne7 23. Qh5+ Kg8 24. Rxd4 Nf5 25. Re4 Qd6 26. Rfe1 Ng3 27. fxg3 Qxg3+ 28. Kh1 Rf8 29. Qg4 Qxf3+ 30. Qxf3 Rxf3 31. R4e3 Rf2 32. a4 Ra2 33. h4 a6 34. Rg3 b5 35. axb5 cxb5 36. Rxe6 Ra4 37. Rh3 Kf7 38. Rd6 Ra3 39. Kg2 a5 40. Rd5 Rb3 41. Rd2 a4 42. c4 Rxh3 43. Kxh3 b4 44. c5 a3 45. c6 b3 46. c7 b2 47. c8Q b1Q 48. Qc4+ Kg6 49. Qd3+ Qxd3+ 50. Rxd3 a2 51. Ra3 1-0

[Event "Cologne Longerich op 6th"]
[Site "Cologne"]
[Date "2009.08.23"]
[Round "3"]
[White "Kronseder, Michael"]
[Black "Fieberg, Samuel"]
[Result "1-0"]
[WhiteElo "1544"]
[BlackElo "1400"]
[PlyCount "44"]
[EventDate "2009.08.21"]
[EventType "swiss"]
[EventRounds "5"]
[EventCountry "GER"]
[SourceTitle "EXT 2012"]
[Source "ChessBase"]
[SourceDate "2011.11.24"]
[SourceVersion "1"]
[SourceVersionDate "2011.11.24"]
[SourceQuality "1"]

1. Nf3 d5 2. c4 Nf6 3. cxd5 Qxd5 4. Nc3 Qd8 5. d4 Bf5 6. Bg5 e6 7. e4 Be7 8. exf5 exf5 9. Bc4 0-0 10. 0-0 h6 11. Bxf6 Bxf6 12. Nd5 Nc6 13. Nxf6+ Qxf6 14. Qa4 a6 15. Qc2 Nxd4 16. Nxd4 Qxd4 17. Rad1 Qf6 18. Rd7 Qc6 19. Rfd1 f4 20. Bb3 Qf6 21. Qc3 Qxc3 22. bxc3 Rac8 1-0

[Event "Cologne Ford op"]
[Site "Cologne"]
[Date "2009.05.11"]
[Round "3"]
[White "Kronseder, Michael"]
[Black "Hoeck, Sebastian"]
[Result "0-1"]
[WhiteElo "1520"]
[BlackElo "1770"]
[PlyCount "96"]
[EventDate "2009.04.27"]
[EventType "swiss"]
[EventRounds "7"]
[EventCountry "GER"]
[SourceTitle "EXT 2011"]
[Source "ChessBase"]
[SourceDate "2010.11.26"]
[SourceVersion "1"]
[SourceVersionDate "2010.11.26"]
[SourceQuality "1"]

1. Nf3 d5 2. c4 dxc4 3. e3 a6 4. Bxc4 b5 5. Bb3 c5 6. Ne5 c4 7. Bxc4 bxc4 8. Qf3 Be6 9. Qxa8 Bd5 10. Qa7 f6 11. Nf3 e5 12. Nc3 Nc6 13. Qxa6 Nb4 14. Qa4+ Bc6 15. Qd1 Qd3 16. Qe2 Nc2+ 17. Kf1 Nxa1 18. Ne1 Qxe2+ 19. Kxe2 Bb4 20. d3 cxd3+ 21. Kxd3 Ne7 22. Bd2 Kf7 23. Nf3 Rd8+ 24. Kc4 Bxf3 25. gxf3 Rxd2 26. Kxb4 Nc2+ 27. Kb3 Rxf2 28. Nd1 Re2 29. Nc3 Re1 30. Rxe1 Nxe1 31. f4 exf4 32. exf4 Nd3 33. Ne2 Nd5 34. Kc4 N3xf4 35. Nxf4 Nxf4 36. b4 Ke6 37. a4 Kd6 38. a5 Kc7 39. b5 Kb7 40. Kc5 Nd3+ 41. Kd6 Nb4 42. Ke7 f5 43. Kd6 f4 44. Kc5 Na6+ 45. Kd4 g5 46. Ke4 Nc7 47. h4 h6 48. a6+ Kb6 0-1